Vista normal Vista MARC

Entrada Topical Term

Número de registros utilizados en: 1

001 - CONTROL NUMBER

  • control field: 41271

003 - CONTROL NUMBER IDENTIFIER

  • control field: OSt

005 - DATE AND TIME OF LATEST TRANSACTION

  • control field: 20211025105423.0

008 - FIXED-LENGTH DATA ELEMENTS

  • fixed length control field: 211025|| aca||aabn | a|a d

040 ## - CATALOGING SOURCE

  • Original cataloging agency: OSt
  • Transcribing agency: OSt

150 ## - HEADING--TOPICAL TERM

  • Topical term or geographic name entry element: Integración económica internacional
  • General subdivision: Modelos econométricos
  • Geographic subdivision: Centroamérica

670 ## - SOURCE DATA FOUND

  • Source citation: Work cat.: (OSt)8640: Cáceres, Luis René, 17858 autor, La integración de Centroamérica : , 2002